000 01011nam a2200289Ia 4500
001 B4458
003 IT-RoPAU
008 130308s9999 xx 000 0 und d
040 _aIT-RoPAU
040 _cIT-RoPAU
041 _aINGLESE
100 _aRoth Lorna
100 _gCodice Aut. SPICS: 38315
245 _aMedia and the Commodification of Crisis
245 _bMedia, crisis And Democracy-Mass Communication And The Disruption Of Social Order
250 _a1a ed.
260 _aLONDON
260 _bSage Publications B.H.
260 _c1992 [1° Ed.:1992 - Ed.Ling.Originale:1992]
300 _a"18 p. (prefazione: no ; testo: 18 [pagine: 144-161])"
500 _a"Media e Commodificazione della Crisi. Estate Indiana 1990: Ricostruzione. Diffusa Informazione dei Media su Quell'Estate Indianoamericana. Esempi Conle Diffuse informazioni dei Media della ""Mohawk Crisis""."
650 _aSOCIOLOGIA
650 _eCodice materia Spics: 3651
942 _cBK
957 _71
999 _c79057
_d79057
999 _g1